<?xml version="1.0" encoding="UTF-8"?><?xml-stylesheet type="text/xsl" href="static/style.xsl"?><OAI-PMH xmlns="http://www.openarchives.org/OAI/2.0/" xmlns:xsi="http://www.w3.org/2001/XMLSchema-instance" xsi:schemaLocation="http://www.openarchives.org/OAI/2.0/ http://www.openarchives.org/OAI/2.0/OAI-PMH.xsd"><responseDate>2026-06-29T03:13:42Z</responseDate><request verb="GetRecord" identifier="oai:docta.ucm.es:20.500.14352/35790" metadataPrefix="marc">https://docta.ucm.es/rest/oai/request</request><GetRecord><record><header><identifier>oai:docta.ucm.es:20.500.14352/35790</identifier><datestamp>2023-09-07T20:38:04Z</datestamp><setSpec>com_20.500.14352_14</setSpec><setSpec>col_20.500.14352_21</setSpec></header><metadata><record xmlns="http://www.loc.gov/MARC21/slim" xmlns:dcterms="http://purl.org/dc/terms/" xmlns:xsi="http://www.w3.org/2001/XMLSchema-instance" xmlns:doc="http://www.lyncode.com/xoai" xsi:schemaLocation="http://www.loc.gov/MARC21/slim http://www.loc.gov/standards/marcxml/schema/MARC21slim.xsd">
   <leader>00925njm 22002777a 4500</leader>
   <datafield ind2=" " ind1=" " tag="042">
      <subfield code="a">dc</subfield>
   </datafield>
   <datafield ind2=" " ind1=" " tag="720">
      <subfield code="a">Fernández Rozas, José Carlos</subfield>
      <subfield code="e">author</subfield>
   </datafield>
   <datafield ind2=" " ind1=" " tag="260">
      <subfield code="c">2015</subfield>
   </datafield>
   <datafield ind2=" " ind1=" " tag="520">
      <subfield code="a">La presente monografía, caracterizada por su ponderación y por el equilibrio de po-siciones tan enfrentadas sin duda será un instrumento precioso para restablecer un necesario ambiente, despejado de confrontaciones, donde una vez por todas, Panamá se convertirá en un verdadero centro internacional de arbitraje. Indudablemente en dicho escenario la experiencia adquirida por Juan Carlos Araúz, unida a su habitual buen hacer, hacen presagiar un prometedor futuro profesional en la abogacía internacional y en particular en el ámbito del arbitraje.</subfield>
   </datafield>
   <datafield ind1="8" ind2=" " tag="024">
      <subfield code="a">978-9962-704-04-1</subfield>
   </datafield>
   <datafield ind1="8" ind2=" " tag="024">
      <subfield code="a">https://hdl.handle.net/20.500.14352/35790</subfield>
   </datafield>
   <datafield ind2="0" ind1="0" tag="245">
      <subfield code="a">“Prólogo” al libro de J.C. Araúz Ramos, Constitucionalización y justicia constitucional en el arbitraje comercial panameño, Panamá, Jurídica Pujol, S.A., 352 pp. ISBN 978-9962-704-04-1</subfield>
   </datafield>
</record></metadata></record></GetRecord></OAI-PMH>